00805nam a2200253 a 4500001001000000003000900010005001700019008004100036020001800077040002500095082001800120245009800138260004900236300002800285500002100313500004200334650002200376650002200398650003000420650002400450650002700474650001700501700003300518000004644DO-SdBNP20260408202951.0090724s2007 sp a 001 0 spa d a9788496515352 aDO-SdBNPbspacBNPHU a363.96bF198f00aFamily formation and family dilemmas in contemporary Europe /ceditor, Gosta Esping-Andersen. aBilbao, España :bFundación BBVA,c2007. a286 p. :bil. ;c25 cm. aIncluye índice aIncluye notas al pie de las páginas 4aControl natalidad 0aFertilidad humana 4aFamiliazEuropaxHistoria 0aPolítica familiar 4aTamaño de la familia 0aDemografía1 aEsping-Andersen, Gosta,eed.